000 00983nam a22002655i 4500
001 154150
003 ES-MaACL
005 20250428063006.0
008 050908m18901904fr | |||||||| ||fre d
040 _aCAM
_bspa
_cCAM
100 1 _aFrance, Anatole,
_d1844-1924
_9240108
245 1 0 _aJocaste et le chat maigre /
_cpar Anatole France.
250 _a[14e ed.].
260 _aParis :
_bCalmann-Lévy éditeurs,
_c[s.a.] (
_eLagny :
_fEmile Colin)
300 _a299 p. ;
_c18 cm.
490 1 _aBibliothèque contemporaine
594 _aAnatole France es seudónimo de Jacques Anatole Thibault.
595 _aLa mención de ed. consta en la cub. original.
596 _aProbablemente impreso entre 1890 y 1905.
598 _aLa mención de serie consta en la cub. original.
752 _aFrancia -
_dParís
830 0 _aBibliothèque contemporaine
_9181673
852 _aES-MaACL
_jB-2728
_z-- Enc. hol. conservando la cub. original
999 _c154150
_d154150